Psicología de fronteras : testimonios de asilo en supervivientes de guerra y otras personas refugiadas en el siglo XXI /

Detalles Bibliográficos
Autor principal: Guarch Rubio, Marta (Autor)
Formato: Electrónico eBook
Lenguaje:español
Publicado: Zaragoza, España : Prensas de la Universidad de Zaragoza, 2023.
Edición:1a edición.
Materias:
Acceso en línea:Digitalia Hispánica

MARC

LEADER 00000nam a2200000 i 4500
001 DIGPUZ0990
003 NyNyDIG
007 cr |||||||||||
008 240806s2023 sp ob 000 0 spa d
006 m o d
035 |a (OCoLC)1420741554 
040 |a DGITA  |b eng  |e rda  |e pn  |c DGITA 
020 |a 9788413406794  |q eBook 
020 |z 9788413406787 
050 1 4 |a JV6346 ebook 
100 1 |a Guarch Rubio, Marta,  |e author. 
245 1 0 |a Psicología de fronteras :  |b testimonios de asilo en supervivientes de guerra y otras personas refugiadas en el siglo XXI /  |c Marta Guarch-Rubio. 
250 |a 1a edición. 
264 1 |a Zaragoza, España :  |b Prensas de la Universidad de Zaragoza,  |c 2023. 
300 |a 1 online resource. 
336 |a text  |b txt  |2 rdacontent 
337 |a computer  |b c  |2 rdamedia 
338 |a online resource  |b cr  |2 rdacarrier 
347 |a text file  |2 rdaft 
347 |b PDF 
504 |a Includes bibliographical references. 
588 0 |a Online resource; title from PDF title page (Digitalia, viewed August 6, 2024) 
650 0 |a Refugees  |x Psychology. 
650 0 |a Refugees  |x Mental health. 
791 2 |a Digitalia (Firm),  |e distributor. 
793 0 |g Digitalia eBook Collection:  |a Prensas Universitarias de Zaragoza 
856 4 0 |3 Digitalia Hispánica  |u https://www.digitaliapublishing.com/a/131089/ 
910 |a Premium collection: 2024